A functional discourse grammar for English / (Record no. 22073)

MARC details
000 -LEADER
fixed length control field 01809cam a22003855a 4500
001 - CONTROL NUMBER
control field 016945882
003 - CONTROL NUMBER IDENTIFIER
control field EG-ScBUE
005 - DATE AND TIME OF LATEST TRANSACTION
control field 20220516115014.0
008 - FIXED-LENGTH DATA ELEMENTS--GENERAL INFORMATION
fixed length control field 140507s2015 enka f bd 001 0 eng d
020 ## - INTERNATIONAL STANDARD BOOK NUMBER
International Standard Book Number 0199571872 (pbk)
020 ## - INTERNATIONAL STANDARD BOOK NUMBER
International Standard Book Number 9780199571871 (pbk)
035 ## - SYSTEM CONTROL NUMBER
System control number (OCoLC)ocn889183934
040 ## - CATALOGING SOURCE
Original cataloging agency StDuBDS
Language of cataloging eng
Description conventions rda
Transcribing agency StDuBDS
Modifying agency EG-ScBUE
082 04 - DEWEY DECIMAL CLASSIFICATION NUMBER
Edition number 22
Classification number 425
Item number KEI
100 1# - MAIN ENTRY--PERSONAL NAME
Personal name Keizer, Evelien‏,
Relator term author.
9 (RLIN) 40546
245 12 - TITLE STATEMENT
Title A functional discourse grammar for English /
Statement of responsibility, etc Evelien Keizer.
264 #1 - PUBLICATION, DISTRIBUTION, ETC. (IMPRINT)
Place of publication, distribution, etc Oxford :
Name of publisher, distributor, etc Oxford University Press,
Date of publication, distribution, etc 2015.
300 ## - PHYSICAL DESCRIPTION
Extent xviii, 336 pages :
Other physical details illustrations ;
Dimensions 26 cm.
336 ## - CONTENT TYPE
Source rdacontent
Content type term text
Content type code txt
337 ## - MEDIA TYPE
Source rdamedia
Media type term unmediated
Media type code n
338 ## - CARRIER TYPE
Source rdacarrier
Carrier type term volume
Carrier type code nc
490 0# - SERIES STATEMENT
Series statement Oxford textbooks in linguistics
500 ## - GENERAL NOTE
General note Includes glossary.<br/>
504 ## - BIBLIOGRAPHY, ETC. NOTE
Bibliography, etc Includes bibliographical references and index.<br/>
505 ## - FORMATTED CONTENTS NOTE
Formatted contents note Why Functional Discourse Grammar? -- The general architecture of FDG -- The Interpersonal Level -- The Representational Level -- The Morphosyntactic Level -- The Phonological Level -- Sample representations.
520 ## - SUMMARY, ETC.
Summary, etc This is the first textbook on Functional Discourse Grammar, a recently developed theory of language structure which analyses utterances at the pragmatic, semantic, morphosyntactic and phonological level. It focuses principally on English and provides extensive exercises for students to use and evaluate the theory.
650 #7 - SUBJECT ADDED ENTRY--TOPICAL TERM
Topical term or geographic name as entry element Functional discourse grammar.
Source of heading or term BUEsh
9 (RLIN) 40502
650 #7 - SUBJECT ADDED ENTRY--TOPICAL TERM
Topical term or geographic name as entry element English language
General subdivision Grammar.
Source of heading or term BUEsh
9 (RLIN) 5501
650 #7 - SUBJECT ADDED ENTRY--TOPICAL TERM
Topical term or geographic name as entry element English language
General subdivision Discourse analysis.
Source of heading or term BUEsh
9 (RLIN) 40621
651 ## - SUBJECT ADDED ENTRY--GEOGRAPHIC NAME
Source of heading or term BUEsh
653 ## - INDEX TERM--UNCONTROLLED
Arrived date list July2016
Resource For college Humanities: English
655 ## - INDEX TERM--GENRE/FORM
Form subdivision Reading book
9 (RLIN) 34232
942 ## - ADDED ENTRY ELEMENTS (KOHA)
Source of classification or shelving scheme Dewey Decimal Classification
Edition 22
Call number prefix 425 KEI
Koha item type Book - Borrowing
Holdings
Withdrawn status Lost status Source of classification or shelving scheme Damaged status Not for loan Collection code Home library Current library Shelving location Date acquired Source of acquisition Cost, normal purchase price Serial Enumeration / chronology Total Checkouts Total Renewals Full call number Barcode Date last seen Date checked out Cost, replacement price Price effective from Koha item type
    Dewey Decimal Classification     Baccah Central Library Central Library Second Floor 31/07/2016 Purchase 305.00 25868 2 1 425 KEI 000032940 15/07/2025 12/09/2017 381.00 31/07/2016 Book - Borrowing
    Dewey Decimal Classification     Baccah Central Library Central Library Second Floor 25/09/2016 Purchase 319.00 26103 1 3 425 KEI 000033481 15/07/2025 11/06/2017 398.00 25/09/2016 Book - Borrowing